[Event "DEM U12 2021"]
[Site "Willingen GER"]
[Date "2021.08.24"]
[Round "3"]
[White "Quartz, Konstantin"]
[Black "Wieser, Rouven"]
[Result "0-1"]
[Termination "normal"]
[Board "27"]
[WhiteElo "1027"]
[BlackElo "1295"]
[WhiteClock "01:01:01"]
[BlackClock "00:10:39"]
[PlyCount "64"]
[WhiteFideId "34604383"]
[BlackFideId "34608761"]
[EventCountry "GER"]
[EventRounds "9"]
[EventType "swiss"]
[EventDate "2021.08.22"]

1. e4 {[%clk 01:30:59]} c6 {[%clk 01:30:46]} {[%emt 00:00:14]} 2. d4 {[%clk
01:31:26]} {[%emt 00:00:04]} d5 {[%clk 01:31:07]} {[%emt 00:00:09]} 3. exd5
{[%clk 01:31:52]} {[%emt 00:00:05]} cxd5 {[%clk 01:31:30]} {[%emt 00:00:07]} 4.
c4 {[%clk 01:32:18]} {[%emt 00:00:04]} Nf6 {[%clk 01:31:09]} {[%emt 00:00:50]}
5. Nc3 {[%clk 01:32:40]} {[%emt 00:00:09]} e6 {[%clk 01:30:51]} {[%emt
00:00:48]} 6. Bf4 {[%clk 01:32:46]} {[%emt 00:00:23]} a6 {[%clk 01:29:24]}
{[%emt 00:01:58]} 7. Qe2 {[%clk 01:33:03]} {[%emt 00:00:13]} Be7 {[%clk
01:25:18]} {[%emt 00:04:35]} 8. Nf3 {[%clk 01:32:06]} {[%emt 00:01:27]} Nc6
{[%clk 01:22:28]} {[%emt 00:03:20]} 9. Na4 {[%clk 01:26:14]} {[%emt 00:06:23]}
Qa5+ {[%clk 01:17:22]} {[%emt 00:05:36]} 10. Nc3 {[%clk 01:26:26]} {[%emt
00:00:18]} O-O {[%clk 01:12:10]} {[%emt 00:05:41]} 11. Ne5 {[%clk 01:26:48]}
{[%emt 00:00:08]} Nxd4 {[%clk 01:09:05]} {[%emt 00:03:35]} 12. Qd2 {[%clk
01:26:30]} {[%emt 00:00:48]} Nf5 {[%clk 01:02:30]} {[%emt 00:07:03]} 13. g4
{[%clk 01:23:25]} {[%emt 00:03:36]} Nh4 {[%clk 00:56:00]} {[%emt 00:07:02]} 14.
Bh6 {[%clk 01:23:10]} {[%emt 00:00:43]} Nxg4 {[%clk 00:48:43]} {[%emt
00:07:47]} 15. Bxg7 {[%clk 01:23:00]} {[%emt 00:00:41]} Nxe5 {[%clk 00:43:01]}
{[%emt 00:06:12]} 16. O-O-O {[%clk 01:23:11]} {[%emt 00:00:19]} Kxg7 {[%clk
00:38:35]} {[%emt 00:04:56]} 17. Rg1+ {[%clk 01:23:40]} {[%emt 00:00:02]} Nhg6
{[%clk 00:38:51]} {[%emt 00:00:13]} 18. Qd4 {[%clk 01:23:24]} {[%emt 00:00:46]}
Bf6 {[%clk 00:35:42]} {[%emt 00:03:39]} 19. Rg3 {[%clk 01:20:26]} {[%emt
00:03:28]} Nxc4 {[%clk 00:31:20]} {[%emt 00:04:52]} 20. Qg4 {[%clk 01:10:04]}
{[%emt 00:10:52]} e5 {[%clk 00:25:33]} {[%emt 00:06:18]} 21. Qh5 {[%clk
01:10:31]} {[%emt 00:00:03]} Be6 {[%clk 00:21:01]} {[%emt 00:05:02]} 22. Bh3
{[%clk 01:10:28]} {[%emt 00:00:33]} Qb6 {[%clk 00:18:55]} {[%emt 00:02:35]} 23.
b3 {[%clk 01:09:42]} {[%emt 00:01:17]} Na3 {[%clk 00:17:21]} {[%emt 00:02:05]}
24. Rd2 {[%clk 01:06:42]} {[%emt 00:03:29]} Rac8 {[%clk 00:15:17]} {[%emt
00:02:33]} 25. Kd1 {[%clk 01:06:15]} {[%emt 00:00:58]} d4 {[%clk 00:13:56]}
{[%emt 00:01:50]} 26. Bxe6 {[%clk 01:03:58]} {[%emt 00:02:48]} Qxe6 {[%clk
00:13:11]} {[%emt 00:01:14]} 27. Rh3 {[%clk 01:03:45]} {[%emt 00:00:44]} Rh8
{[%clk 00:11:56]} {[%emt 00:01:45]} 28. Qh6+ {[%clk 01:04:00]} {[%emt
00:00:15]} Kg8 {[%clk 00:12:10]} {[%emt 00:00:15]} 29. Ne4 {[%clk 01:03:12]}
{[%emt 00:01:19]} Bg7 {[%clk 00:11:14]} {[%emt 00:01:26]} 30. Qg5 {[%emt
00:03:12]} Qxh3 {[%clk 00:10:11]} {[%emt 00:01:30]} 31. Nf6+ {[%clk 01:01:01]}
{[%emt 00:00:03]} Bxf6 {[%clk 00:10:28]} {[%emt 00:00:12]} 32. Qxf6 {[%emt
00:00:04]} Qf1# {[%clk 00:10:39]} {[%emt 00:00:15]} 0-1

[Event "DEM U12 2021"]
[Site "Willingen GER"]
[Date "2021.08.24"]
[Round "3"]
[White "Lumma, Justus"]
[Black "Rückel, Felix"]
[Result "1/2-1/2"]
[Termination "normal"]
[Board "28"]
[WhiteElo "1081"]
[BlackElo "994"]
[WhiteClock "00:57:00"]
[BlackClock "00:24:05"]
[PlyCount "72"]
[WhiteFideId "16287193"]
[BlackFideId "34608826"]
[EventCountry "GER"]
[EventRounds "9"]
[EventType "swiss"]
[EventDate "2021.08.22"]

1. e4 {[%clk 01:30:56]} {[%emt 00:00:03]} e5 {[%clk 01:30:50]} {[%emt
00:00:10]} 2. Nf3 {[%clk 01:31:15]} {[%emt 00:00:12]} Nc6 {[%clk 01:31:06]}
{[%emt 00:00:14]} 3. Bc4 {[%clk 01:31:26]} {[%emt 00:00:19]} Bc5 {[%clk
01:31:14]} {[%emt 00:00:21]} 4. Nc3 {[%clk 01:31:47]} {[%emt 00:00:09]} Nf6
{[%clk 01:29:47]} {[%emt 00:01:57]} 5. d3 {[%clk 01:31:38]} {[%emt 00:00:39]}
h6 {[%clk 01:22:07]} {[%emt 00:08:10]} 6. Be3 {[%clk 01:29:01]} {[%emt
00:03:06]} Bb6 {[%clk 01:11:58]} {[%emt 00:10:40]} 7. a3 {[%clk 01:26:40]}
{[%emt 00:02:52]} d6 {[%clk 01:09:28]} {[%emt 00:02:59]} 8. Qe2 {[%clk
01:20:27]} {[%emt 00:06:42]} Bg4 {[%clk 00:57:17]} {[%emt 00:12:41]} 9. h3
{[%clk 01:19:00]} {[%emt 00:01:57]} Bd7 {[%clk 00:53:44]} {[%emt 00:04:04]} 10.
Nd5 {[%clk 01:15:10]} {[%emt 00:04:19]} Bxe3 {[%clk 00:50:20]} {[%emt
00:03:54]} 11. fxe3 {[%clk 01:14:51]} {[%emt 00:00:49]} Na5 {[%clk 00:47:23]}
{[%emt 00:03:27]} 12. Ba2 {[%clk 01:13:24]} {[%emt 00:01:55]} Nxd5 {[%clk
00:47:09]} {[%emt 00:00:46]} 13. Bxd5 {[%clk 01:13:41]} {[%emt 00:00:13]} Bc6
{[%clk 00:46:19]} {[%emt 00:01:19]} 14. Ba2 {[%clk 01:13:51]} {[%emt 00:00:20]}
Bd7 {[%clk 00:45:17]} {[%emt 00:01:33]} 15. Qf2 {[%clk 01:11:15]} {[%emt
00:03:05]} f6 {[%clk 00:43:08]} {[%emt 00:02:38]} 16. Qh4 {[%clk 01:08:35]}
{[%emt 00:03:10]} Qe7 {[%clk 00:41:37]} {[%emt 00:01:54]} 17. O-O {[%clk
01:08:25]} {[%emt 00:00:46]} O-O-O {[%clk 00:41:17]} {[%emt 00:00:51]} 18. d4
{[%clk 01:08:44]} {[%emt 00:00:11]} Be6 {[%clk 00:39:28]} {[%emt 00:02:16]} 19.
Bxe6+ {[%clk 01:08:37]} {[%emt 00:00:40]} Qxe6 {[%clk 00:39:06]} {[%emt
00:00:44]} 20. d5 {[%clk 01:08:59]} {[%emt 00:00:14]} Qf7 {[%clk 00:38:32]}
{[%emt 00:01:05]} 21. Qe1 {[%clk 01:09:15]} {[%emt 00:00:15]} Nc4 {[%clk
00:38:09]} {[%emt 00:00:53]} 22. Qc3 {[%clk 01:09:21]} {[%emt 00:00:23]} Nb6
{[%clk 00:37:58]} {[%emt 00:00:41]} 23. b4 {[%clk 01:09:17]} {[%emt 00:00:35]}
Qd7 {[%clk 00:35:11]} {[%emt 00:03:16]} 24. Qb3 {[%clk 01:09:24]} {[%emt
00:00:23]} Qa4 {[%clk 00:34:59]} {[%emt 00:00:40]} 25. Qd3 {[%clk 01:07:22]}
{[%emt 00:02:34]} Qd7 {[%clk 00:34:41]} {[%emt 00:00:48]} 26. c4 {[%clk
01:07:42]} {[%emt 00:00:12]} Na4 {[%clk 00:33:21]} {[%emt 00:01:49]} 27. Rfc1
{[%clk 01:06:29]} {[%emt 00:01:43]} c5 {[%clk 00:31:46]} {[%emt 00:02:05]} 28.
dxc6 {[%emt 00:00:54]} Qxc6 {[%emt 00:00:53]} 29. Nd2 {[%clk 01:04:12]} {[%emt
00:00:58]} Nb6 {[%clk 00:31:24]} {[%emt 00:00:53]} 30. Qb3 {[%clk 01:04:22]}
{[%emt 00:00:20]} Kb8 {[%clk 00:30:56]} {[%emt 00:01:00]} 31. a4 {[%clk
01:02:37]} {[%emt 00:02:15]} Rh7 {[%clk 00:29:30]} {[%emt 00:01:55]} 32. a5
{[%clk 01:01:40]} {[%emt 00:01:27]} Na8 {[%clk 00:29:02]} {[%emt 00:00:58]} 33.
c5 {[%clk 01:01:44]} {[%emt 00:00:26]} Qb5 {[%clk 00:28:48]} {[%emt 00:00:43]}
34. Qd5 {[%clk 00:59:39]} {[%emt 00:02:35]} Nc7 {[%clk 00:26:39]} {[%emt
00:02:39]} 35. Qf7 {[%clk 00:57:32]} {[%emt 00:02:38]} Qd7 {[%clk 00:26:15]}
{[%emt 00:00:44]} 36. Qg6 {[%clk 00:57:00]} {[%emt 00:01:12]} Rhh8 {[%clk
00:24:05]} {[%emt 00:02:40]} 1/2-1/2